| 000 | 00747nam a2200265Ia 4500 | ||
|---|---|---|---|
| 005 | 20260121173649.0 | ||
| 008 | 008 260114s9999 xx 000 0 eng d | ||
| 020 | _a9789462099890 | ||
| 037 | _aEBOOK | ||
| 040 | _aCRL | ||
| 040 | _beng | ||
| 040 | _cCRL | ||
| 041 | _2eng | ||
| 041 | _aeng | ||
| 084 | _qCRL | ||
| 100 |
_aR. Reynolds D. Bradbery J. Brown K. Carroll D. Donnelly K. Ferguson-Patrick S. Macqueen _91103675 |
||
| 245 | 0 | _aContesting and Constructing International Perspectives in Global Education | |
| 260 | _bSpringer | ||
| 260 | _bSpringer | ||
| 260 | _c2015 | ||
| 856 | _uhttps://link.springer.com/openurl?genre=book&isbn=978-94-6209-989-0 | ||
| 942 | _cEBOOK | ||
| 999 |
_c1669423 _d1669423 |
||